| 000 | 00469nam 22001693 4500 | ||
|---|---|---|---|
| 001 | 32525 | ||
| 090 | _a32525 | ||
| 100 | _a20260309d u||y0pory50 ba | ||
| 101 | _apor | ||
| 200 |
_aSeminário: O mar: que formação? _fEscola das Marinhas de Comércio e Pescas, Escola Náutica Infante D. Henrique |
||
| 210 |
_aOdivelas _cEper |
||
| 215 |
_a282 p. _d21 cm |
||
| 317 | _5IPMA | ||
| 500 | _aSeminário: O Mar: Que Formação? | ||
| 606 |
_xMar _923703 |
||
| 801 | _gISBD | ||
| 942 | _n0 | ||